A comparision of different organic fertilizers on water spinach ការប្រៀបធៀបនៃការប្រើប្រាស់ជីFម្មជាតិប្រភេទផ្សេងៗទៅលើការលូតលាស់របស់ត្រកួន (Record no. 548)

000 -LEADER
fixed length control field 00635nam a22001577a 4500
003 - CONTROL NUMBER IDENTIFIER
control field OSt
005 - DATE AND TIME OF LATEST TRANSACTION
control field 20150916102317.0
008 - FIXED-LENGTH DATA ELEMENTS--GENERAL INFORMATION
fixed length control field 150916b xxu||||| |||| 00| 0 eng d
040 ## - CATALOGING SOURCE
Transcribing agency RUA
082 ## - DEWEY DECIMAL CLASSIFICATION NUMBER
Classification number AGR CHA 2003 B028 Or.1
100 ## - MAIN ENTRY--PERSONAL NAME
9 (RLIN) 571
Personal name CHAN, NOENG.
245 ## - TITLE STATEMENT
Title A comparision of different organic fertilizers on water spinach ការប្រៀបធៀបនៃការប្រើប្រាស់ជីFម្មជាតិប្រភេទផ្សេងៗទៅលើការលូតលាស់របស់ត្រកួន
260 ## - PUBLICATION, DISTRIBUTION, ETC. (IMPRINT)
Place of publication, distribution, etc. Phnom Penh
Name of publisher, distributor, etc. RUA
Date of publication, distribution, etc. 2003
300 ## - PHYSICAL DESCRIPTION
Extent 53p.
Other physical details ill.
Dimensions 29cm.
942 ## - ADDED ENTRY ELEMENTS (KOHA)
Source of classification or shelving scheme
Koha item type AGR
Holdings
Price effective from Date last seen Permanent Location Not for loan Date acquired Source of classification or shelving scheme Koha item type Lost status Withdrawn status Date last checked out Total Checkouts Shelving location Damaged status Barcode Current Location Full call number
2015-09-162015-09-16Library Block B 2015-09-16 AGR    B028 RUA001338Library Block BAGR CHA 2003 B028 Or.1
2015-09-162016-08-13Library Block B 2015-09-16 AGR  2016-07-241B028 RUA001483Library Block BAGR CHA 2003 B028 Or.2
2015-09-292015-09-29Library Block B 2015-09-29 AGR    B028 RUA001279Library Block BAGR CHA 2003 B028 Or.2
មជ្ឈមណ្ឌលឯការនៃសាកលវិទ្យាល័យភូមិន្ទកសិកម្មចំការដូង

Powered by Koha